00685nam a2200241 a 4500001001300000003000900013005001700022008004100039020000900080082001700089100001900106245003300125260004200158300000900200500003500209505001000244650002400254700001900278902000800297942000700305952011600312999001500428nice12345678IN_TiNIC20260116012448.0050524s1979 dela grp 000 0 eng  ac6000a954.025bTIR aTirmizi, S A I aEdicts from the Mughal Harem aDelhibIdara-I-Adabiyat-I-Dillic1979 a131p aincludes index and biblioraphy2 aIndex aMughal India-Queens1 aTirmizi, S A I bSRS cBK 001040708StackRoom-aHMIbHMId2007-04-04g60.00l0o954.025 TIRp012412r2007-04-04v60.00w2005-05-24yBK c7114d7114